Multivariate statistical inference
Salvato in:
| Autori principali: | , |
|---|---|
| Natura: | Libro |
| Lingua: | inglese |
| Pubblicazione: |
Amsterdam
North-Holland
1973
|
| Soggetti: | |
| Tags: |
Aggiungi Tag
Nessun Tag, puoi essere il primo ad aggiungerne!!
|
MARC
| LEADER | 00000nam a2200000 a 4500 | ||
|---|---|---|---|
| 001 | UCY3716 | ||
| 003 | CL-VaPUC | ||
| 005 | 20231128145234.0 | ||
| 008 | 950113e19730000ne 1 eng d | ||
| 082 | 0 | 4 | |a 306 |b KAB |2 21 |
| 100 | 1 | |a Kabe, D. G |e author |9 617154 | |
| 700 | 1 | |a Gupta, R. P |e author |9 617155 | |
| 245 | 1 | 0 | |a Multivariate statistical inference |
| 260 | |a Amsterdam |b North-Holland |c 1973 | ||
| 300 | |a 258 p | ||
| 583 | |a last modification |c 19950113 00:00:00 |k Rodrigo Vera | ||
| 650 | 0 | 0 | |a Análisis estadístico multivariante |9 260011 |
| 650 | 0 | 0 | |a Congresos |9 257560 |
| 942 | |c BK | ||
| 945 | |a mfernand |d 19950113 00:00:00 | ||
| 546 | |a En Inglés | ||
| 518 | |p Research Seminar on Multivariate Statistical Inference, Halifax, Canada, 1972 | ||
| 999 | |c 382348 |d 382346 | ||
| 952 | |0 0 |1 0 |2 ddc |4 0 |6 306_000000000000000_KAB_1973 |7 0 |8 A |9 503981 |a BIBCUR |b BIBCUR |c PAC |d 2020-01-23 |i 3051633 |o 306 KAB 1973 |p 3051633 |r 2025-04-22 |w 2020-01-23 |y BK |k CIM | ||